000 00569nam a2200205 a 4500
001 BRCA_6730
005 20190321142924.0
008 201011s1922----gw-a######---#000-0#ger-#
041 _ager
044 _agw
050 4 _b.F37 1922
100 1 _aFarrère, Claude
_916810
245 1 0 _aDie Todgeweihten
_bRoman
_cClaude Farrère; Übertragen von Hans Reisiger; Mit Zeichnungen von F. Wittlinger.
260 _aMúnich
_bDrei Masken
_c1922
300 _a251 p.
_bil.
_c19 cm.
500 _aL71
650 1 4 _aLiteratura Alemana
_96160
902 _aGFM
942 _2lcc
_cB
999 _c6413
_d6413